000 00711nam a22001937a 4500
005 2010081100170.0
010 _aENG-99633
020 _a9788172085865
_c20.00
035 _aEN-83165
037 _bDBAD/PUB
082 _a230.35
100 _aMohan, T. R. Sai
_910635
245 _aLeela Mohana Sai /
_cby T. R. Sai Mohan
260 _aAndhra Pradesh
_bSathya Sai Books & Publications Trust
_c2008
270 _aPrasanthi Nilayam Anantapur District,
_bAndhra Pradesh
_e515134
300 _axx86p.:
_bill
_c21cm (pbk)
942 _2ddc
_cEN
_h230.35
_mMOH
999 _c40868
_d40868